000
00241nam a22001097a 4500
082
_a
332.49 WIS
245
_a
A tool of power
260
_a
London
_b
Wiley and sons
_c
1979
300
_a
xi, 401p.
_b
24cm.
500
_a
Include index
942
_c
BK
999
_c
15176
_d
15176